| 000 -LEADER |
| fixed length control field |
00957nam a22001337a 4500 |
| 040 ## - CATALOGING SOURCE |
| Transcribing agency |
RUA |
| 082 ## - DEWEY DECIMAL CLASSIFICATION NUMBER |
| Classification number |
LMA PHO 2023 B1-398 Or.1 |
| 100 ## - MAIN ENTRY--AUTHOR NAME |
| Personal name |
PHOEUN RACHANA ភឿន រចនា |
| 245 ## - TITLE STATEMENT |
| Title |
STUDY OF STAKEHOLDER PARTICIPATION IN THE TECHNICAL PHASE OF SYSTEMATIC LAND REGISTRAION IN SANGKAT PEAM OKNHA ONG, AREY KSAT CITY, KANDAL PROVINCE ការសិក្សាពីការចូលរួមរបស់អ្នកពាក់ព័ន្ធក្នុងដំណាក់កាលបច្ចេកទេស នៃការចុះបញ្ជីដីធ្លីមានលក្ខណៈជាប្រព័ន្ធនៅសង្កាត់ពាមឧកញ៉ាអុង ក្រុងអរិយក្សត្រ ខេត្តកណ្តាល |
| 260 ## - PUBLICATION, DISTRIBUTION, ETC. (IMPRINT) |
| Place of publication |
RUA |
| Name of publisher |
PHNOM PENH |
| Year of publication |
2023 |
| 300 ## - PHYSICAL DESCRIPTION |
| Number of Pages |
ix |
| Other physical details |
ill |
| Dimensions |
29cm |
| 856 ## - ELECTRONIC LOCATION AND ACCESS |
| Uniform Resource Identifier |
https://drive.google.com/file/d/1X_7JQXpuO6VZqSyu7OfArfI4dy0XzKB7/view?usp=sharing |
| 942 ## - ADDED ENTRY ELEMENTS (KOHA) |
| Koha item type |
LMA |
| 952 ## - LOCATION AND ITEM INFORMATION (KOHA) |
| Withdrawn status [LOCAL, KOHA] |
0 |
| 952 ## - LOCATION AND ITEM INFORMATION (KOHA) |
| Withdrawn status [LOCAL, KOHA] |
0 |